[Event "XVI Gran Hotel Bali 2017"]
[Site "Benidorm"]
[Date "2017.12.04"]
[Round "4"]
[White "Ayats Llobera, Gerard"]
[Black "Cubas Pons, Juan Miguel"]
[Result "1/2-1/2"]
[WhiteElo "2285"]
[BlackElo "2187"]
[Annotator "NA"]
[PlyCount "60"]
[EventDate "2017.??.??"]
[EventType "swiss"]
[EventCountry "ESP"]
[SourceTitle "playchess.com"]
[Source "ChessBase"]
[SourceQuality "1"]
[TimeControl "5400+30"]

1. d4 {[%emt 0:00:00]} e6 {[%emt 0:00:33]} 2. c4 {[%emt 0:00:00]} Nf6 {[%emt 0:00:53]} 3. Nc3 {[%emt 0:00:00]} d5 {[%emt 0:01:31]} 4. cxd5 {[%emt 0:01:01]} exd5 {[%emt 0:00:08]} 5. Bg5 {[%emt 0:00:09]} Be7 {[%emt 0:01:15]} 6. e3 {[%emt 0:00:21]} c6 {[%emt 0:01:38]} 7. Qc2 {[%emt 0:00:10]} Nbd7 {[%emt 0:00:45]} 8. Bd3 {[%emt 0:00:57]} O-O {[%emt 0:02:31]} 9. Nf3 {[%emt 0:02:55]} Re8 {[%emt 0:00:09]} 10. O-O {[%emt 0:02:08]} Nf8 {[%emt 0:04:14]} 11. a3 {[%emt 0:12:35]} Ne4 {[%emt 0:34:27]} 12. Bxe7 {[%emt 0:14:15] D36: Queen's Gambit Declined: Exchange Variation: Main line (5 Bg5 c6 6 Qc2)} (12. Bf4 f5 13. Ne5 Ng6 14. Nxg6 hxg6 15. f3 Ng5 16. Kh1 Bd6 17. Bxd6 Qxd6 18. e4 dxe4 19. fxe4 Qxd4 20. exf5 gxf5 21. Bxf5 {½-½ (31) Gulko,B (2585)-Filippov,V (2595) Elista 1998}) 12... Qxe7 {[%emt 0:01:12]} 13. Nd2 {[%emt 0:32:52]} Nxd2 {[%emt 0:08:10]} 14. Qxd2 {[%emt 0:00:01]} Qf6 $146 {[%emt 0:00:17]} ({Predecessor:} 14... Bg4 15. b4 a6 16. Qb2 Ng6 17. Bxg6 hxg6 18. a4 Qg5 19. b5 Bf3 {0-1 (34) Dvoryadkin,M (1906)-Mamonov,A (1763) Saratov 2011}) 15. b4 {[%emt 0:00:48]} a6 {[%emt 0:00:09]} 16. Qc2 {[%emt 0:04:12]} g6 {[%emt 0:02:30]} 17. a4 {[%emt 0:00:38]} Ne6 {[%emt 0:01:16]} 18. b5 {[%emt 0:01:09]} axb5 {[%emt 0:00:39]} 19. axb5 {[%emt 0:00:01]} Rxa1 {[%emt 0:00:09]} 20. Rxa1 {[%emt 0:00:01]} c5 {[%emt 0:07:11]} 21. Nxd5 {[%emt 0:17:47]} Qd8 {[%emt 0:00:10]} 22. Qc4 {[%emt 0:01:01]} cxd4 {[%emt 0:00:30]} 23. exd4 {[%emt 0:00:28]} Ng5 {[%emt 0:03:56]} 24. Ne3 {[%emt 0:01:23]} Be6 {[%emt 0:01:57]} 25. d5 {[%emt 0:01:53]} Qf6 {[%emt 0:00:07]} 26. Rd1 {[%emt 0:01:02]} Bh3 {[%emt 0:05:10] [#]} 27. Be2 $11 {[%emt 0:03:09]} ({Better is} 27. Bf1 $1 $16 Ne4 28. f3) 27... Ne4 {[%emt 0:06:28]} 28. Bf3 {[%emt 0:00:53]} Nd6 {[%emt 0:01:10]} 29. Qd4 {[%emt 0:00:54]} Qxd4 {[%emt 0:00:12]} 30. Rxd4 {[%emt 0:00:01]} Nxb5 {[%emt 0:00:27]} 1/2-1/2

[Event "XVI Gran Hotel Bali 2017"]
[Site "Benidorm"]
[Date "2017.12.04"]
[Round "4"]
[White "Exposito Amaro, Josue"]
[Black "Yuksel, Atilla Koksal"]
[Result "1/2-1/2"]
[WhiteElo "2263"]
[BlackElo "2184"]
[Annotator "ChessBase"]
[PlyCount "70"]
[EventDate "2017.??.??"]
[EventType "swiss"]
[EventCountry "ESP"]
[SourceTitle "playchess.com"]
[Source "ChessBase"]
[SourceQuality "1"]
[TimeControl "5400+30"]

1. Nc3 {[%emt 0:05:38]} c5 {[%emt 0:00:26]} 2. e4 {[%emt 0:00:36]} e6 {[%emt 0:00:41]} 3. f4 {[%emt 0:00:43]} Ne7 {[%emt 0:00:34]} 4. Nf3 {[%emt 0:01:05]} Nbc6 {[%emt 0:00:33]} 5. d4 {[%emt 0:00:18]} cxd4 {[%emt 0:08:45]} 6. Nxd4 {[%emt 0:00:29]} d5 {[%emt 0:02:08]} 7. Be3 {[%emt 0:09:22]} Nxd4 {[%emt 0:17:45]} 8. Qxd4 {[%emt 0:03:51]} Nc6 {[%emt 0:03:27]} 9. Bb5 {[%emt 0:06:39]} Bd7 {[%emt 0:02:08]} 10. Qd2 {[%emt 0:02:14]} d4 {[%emt 0:16:33]} 11. Bxc6 {[%emt 0:07:55]} Bxc6 {[%emt 0:00:35]} 12. Qxd4 {[%emt 0:01:17]} Qxd4 {[%emt 0:00:20]} 13. Bxd4 {[%emt 0:00:09]} Bb4 {[%emt 0:00:27]} 14. O-O-O {[%emt 0:06:53]} Bxc3 {[%emt 0:00:14]} 15. Bxc3 {[%emt 0:00:20]} Bxe4 {[%emt 0:00:09]} 16. Rhe1 {[%emt 0:12:13]} Bc6 {[%emt 0:07:43]} 17. f5 {[%emt 0:01:37]} O-O {[%emt 0:00:51]} 18. fxe6 {[%emt 0:02:48]} fxe6 {[%emt 0:00:06]} 19. Rxe6 {[%emt 0:00:53]} Rae8 {[%emt 0:06:35]} 20. Rxe8 {[%emt 0:03:47]} Rxe8 {[%emt 0:00:01]} 21. g3 {[%emt 0:03:22]} a6 {[%emt 0:01:57]} 22. b3 {[%emt 0:04:49]} Re2 {[%emt 0:01:05]} 23. Rd2 {[%emt 0:00:08]} Rxd2 {[%emt 0:00:29]} 24. Kxd2 {[%emt 0:00:07]} g6 {[%emt 0:00:08]} 25. Ke3 {[%emt 0:00:31]} Kf7 {[%emt 0:00:12]} 26. Kd4 {[%emt 0:00:08]} Ke6 {[%emt 0:00:52]} 27. Kc5 {[%emt 0:00:47]} Kd7 {[%emt 0:00:20]} 28. Be5 {[%emt 0:00:34]} h5 {[%emt 0:00:39]} 29. c4 {[%emt 0:03:32]} Bf3 {[%emt 0:00:53]} 30. b4 {[%emt 0:01:14]} Bg2 {[%emt 0:00:15]} 31. Kb6 {[%emt 0:01:50]} Kc8 {[%emt 0:00:17]} 32. a4 {[%emt 0:00:22]} Be4 {[%emt 0:00:35]} 33. b5 {[%emt 0:02:09]} axb5 {[%emt 0:00:05]} 34. cxb5 {[%emt 0:00:53]} Bf3 {[%emt 0:00:09]} 35. a5 {[%emt 0:00:19]} Be4 {[%emt 0:00:11]} 1/2-1/2

[Event "XVI Gran Hotel Bali 2017"]
[Site "Benidorm"]
[Date "2017.12.04"]
[Round "4"]
[White "Serra Pages, Jordi"]
[Black "Lacrosse, Marc"]
[Result "1/2-1/2"]
[WhiteElo "2238"]
[BlackElo "2108"]
[Annotator "NA"]
[PlyCount "141"]
[EventDate "2017.??.??"]
[EventType "swiss"]
[EventCountry "ESP"]
[SourceTitle "playchess.com"]
[Source "ChessBase"]
[SourceQuality "1"]
[TimeControl "5400+30"]

1. d4 {[%emt 0:00:00]} d5 {[%emt 0:01:59]} 2. c4 {[%emt 0:00:03]} e6 {[%emt 0:00:17]} 3. Nc3 {[%emt 0:00:34]} Nf6 {[%emt 0:00:20]} 4. Bg5 {[%emt 0:01:02]} Nbd7 {[%emt 0:01:50]} 5. e3 {[%emt 0:00:49]} c6 {[%emt 0:00:44]} 6. Nf3 {[%emt 0:01:01]} Qa5 {[%emt 0:02:09]} 7. cxd5 {[%emt 0:02:44]} Nxd5 {[%emt 0:01:28]} 8. Qd2 {[%emt 0:01:47]} N7b6 {[%emt 0:02:13]} 9. a3 {[%emt 0:13:47]} Nxc3 {[%emt 0:09:48]} 10. Qxc3 {[%emt 0:05:50]} Qxc3+ {[%emt 0:05:48]} 11. bxc3 {[%emt 0:00:06]} f6 {[%emt 0:06:14]} 12. Bh4 {[%emt 0:04:01]} c5 {[%emt 0:06:22]} 13. Bb5+ {[%emt 0:13:11]} Bd7 {[%emt 0:02:25]} 14. a4 {[%emt 0:00:31]} cxd4 {[%emt 0:06:20]} 15. Nxd4 {[%emt 0:27:27]} e5 {[%emt 0:03:57]} 16. Ne6 {[%emt 0:09:44]} Rc8 {[%emt 0:05:28]} 17. O-O {[%emt 0:01:28]} Kf7 {[%emt 0:08:20]} 18. Nxf8 {[%emt 0:03:36]} Rhxf8 {[%emt 0:00:27]} 19. Rfb1 {[%emt 0:05:44]} Rfd8 {[%emt 0:08:16]} 20. e4 {[%emt 0:03:05]} Rxc3 {[%emt 0:03:29]} 21. f3 {[%emt 0:01:21]} Be6 {[%emt 0:03:58]} 22. a5 {[%emt 0:00:53]} Nc8 {[%emt 0:00:57]} 23. Be1 {[%emt 0:01:10]} Rb3 {[%emt 0:02:20]} 24. Rxb3 {[%emt 0:00:51]} Bxb3 {[%emt 0:00:07]} 25. Rc1 {[%emt 0:00:17]} Nd6 {[%emt 0:02:08]} 26. Rc7+ {[%emt 0:00:21]} Ke6 {[%emt 0:00:25]} 27. Be2 {[%emt 0:01:03]} Rd7 {[%emt 0:00:29]} 28. Rc3 {[%emt 0:00:53]} Ba4 {[%emt 0:00:26]} 29. Bf2 {[%emt 0:00:23]} a6 {[%emt 0:02:03]} 30. Bb6 {[%emt 0:00:36]} Ke7 {[%emt 0:03:19]} 31. Kf2 {[%emt 0:00:29]} Bb5 {[%emt 0:00:38]} 32. Bxb5 {[%emt 0:00:41]} Nxb5 {[%emt 0:00:11]} 33. Rc8 {[%emt 0:00:22]} Kf7 {[%emt 0:01:16]} 34. h4 {[%emt 0:00:18]} h5 {[%emt 0:02:52]} 35. Rh8 {[%emt 0:00:40]} g6 {[%emt 0:01:56]} 36. Rh7+ {[%emt 0:00:22]} Ke6 {[%emt 0:00:16]} 37. Rh6 {[%emt 0:00:25]} Rg7 {[%emt 0:01:03]} 38. Rh8 {[%emt 0:00:29]} Nd6 {[%emt 0:01:18]} 39. Rf8 {[%emt 0:00:16]} Nc4 {[%emt 0:01:17]} 40. Bd8 {[%emt 0:00:30]} Rf7 {[%emt 0:00:54]} 41. Rg8 {[%emt 0:00:05]} Rd7 {[%emt 0:01:07]} 42. Rh8 {[%emt 0:00:57]} Rd2+ {[%emt 0:00:50]} 43. Kg3 {[%emt 0:01:01]} Ne3 {[%emt 0:00:31]} 44. Rf8 {[%emt 0:00:35]} Rxg2+ {[%emt 0:01:09]} 45. Kh3 {[%emt 0:00:12]} g5 {[%emt 0:01:07]} 46. Rxf6+ {[%emt 0:00:49]} Kd7 {[%emt 0:00:10]} 47. hxg5 {[%emt 0:00:22]} Kxd8 {[%emt 0:00:23]} 48. g6 {[%emt 0:00:17]} Rg1 {[%emt 0:00:38]} 49. Kh4 {[%emt 0:00:43]} Nc4 {[%emt 0:01:42]} 50. Kxh5 {[%emt 0:00:23]} Nxa5 {[%emt 0:01:13]} 51. Kh6 {[%emt 0:00:32]} Nc6 {[%emt 0:00:10]} 52. g7 {[%emt 0:00:38]} Ne7 {[%emt 0:00:10]} 53. Rf8+ {[%emt 0:00:34]} Kd7 {[%emt 0:00:12]} 54. Rb8 {[%emt 0:00:17]} Ke6 {[%emt 0:00:45]} 55. Rxb7 {[%emt 0:00:25]} Kf7 {[%emt 0:00:19]} 56. Ra7 {[%emt 0:00:39]} Rg6+ {[%emt 0:00:13]} 57. Kh5 {[%emt 0:00:38]} Rxg7 {[%emt 0:00:52]} 58. Rxa6 {[%emt 0:00:21]} Rg3 {[%emt 0:00:26]} 59. Ra5 {[%emt 0:00:16]} Ng6 {[%emt 0:01:37]} 60. Ra7+ {[%emt 0:00:15]} Ke8 {[%emt 0:00:18]} 61. Ra6 {[%emt 0:00:44]} Nf4+ {[%emt 0:00:23]} 62. Kh4 {[%emt 0:00:14]} Rxf3 {[%emt 0:00:12]} 63. Kg4 {[%emt 0:00:18]} Rf1 {[%emt 0:00:28]} 64. Ra5 {[%emt 0:01:10]} Nd3 {[%emt 0:00:38]} 65. Rd5 {[%emt 0:00:21]} Rf4+ {[%emt 0:00:31]} 66. Kg3 {[%emt 0:00:24]} Rxe4 {[%emt 0:00:28]} 67. Rxd3 {[%emt 0:00:12]} Ke7 {[%emt 0:00:20]} 68. Kf3 {[%emt 0:00:38]} Ra4 {[%emt 0:00:23]} 69. Ke3 {[%emt 0:00:30]} Ke6 {[%emt 0:00:03]} 70. Rd8 {[%emt 0:00:17]} Ra3+ {[%emt 0:00:03]} 71. Ke4 {[%emt 0:00:08]} 1/2-1/2

[Event "XVI Gran Hotel Bali 2017"]
[Site "Benidorm"]
[Date "2017.12.04"]
[Round "4"]
[White "Picazo Lopez, Juan Antonio"]
[Black "Ibanez Aullana, Ramon"]
[Result "1/2-1/2"]
[WhiteElo "2204"]
[BlackElo "2295"]
[Annotator "NA"]
[PlyCount "129"]
[EventDate "2017.??.??"]
[EventType "swiss"]
[EventCountry "ESP"]
[SourceTitle "playchess.com"]
[Source "ChessBase"]
[SourceQuality "1"]
[TimeControl "5400+30"]

1. d4 {[%emt 0:00:00]} Nf6 {[%emt 0:00:36]} 2. c4 {[%emt 0:00:21]} d6 {[%emt 0:00:16]} 3. Nc3 {[%emt 0:01:16]} e5 {[%emt 0:00:09]} 4. dxe5 {[%emt 0:01:45]} dxe5 {[%emt 0:00:03]} 5. Qxd8+ {[%emt 0:00:22]} Kxd8 {[%emt 0:00:02]} 6. Nf3 {[%emt 0:00:18]} Nbd7 {[%emt 0:06:27]} 7. Rg1 {[%emt 0:05:29]} h6 {[%emt 0:09:54] A53: Old Indian Defence without Nf3} 8. g4 {[%emt 0:11:56]} Ke8 $146 {[%emt 0:26:52]} ({Predecessor:} 8... e4 9. g5 exf3 10. gxf6 gxf6 11. Bf4 c6 12. O-O-O Ke8 13. Ne4 Be7 14. Nd6+ Bxd6 15. Bxd6 {1-0 (91) Rowson,J (2580)-Turner,M (2482) Sunningdale 2008}) 9. h4 {[%emt 0:05:18]} e4 {[%emt 0:05:30]} 10. Nd4 {[%emt 0:03:43]} Bb4 {[%emt 0:04:41]} 11. Bd2 {[%emt 0:22:28]} a6 {[%emt 0:09:05]} 12. g5 {[%emt 0:02:16]} hxg5 {[%emt 0:01:03]} 13. hxg5 {[%emt 0:00:54]} e3 {[%emt 0:00:55]} 14. Bxe3 {[%emt 0:05:11]} Ne4 {[%emt 0:01:25]} 15. Nc2 {[%emt 0:00:57]} Bxc3+ {[%emt 0:08:04]} 16. bxc3 {[%emt 0:00:08]} g6 {[%emt 0:02:43]} 17. Bg2 {[%emt 0:00:51]} Rh4 {[%emt 0:00:34]} 18. Nb4 {[%emt 0:16:42]} c6 {[%emt 0:06:38]} 19. Rc1 {[%emt 0:01:29]} Ne5 {[%emt 0:02:08]} 20. Bxe4 {[%emt 0:10:35]} Rxe4 {[%emt 0:00:03]} 21. Rh1 {[%emt 0:00:12]} Nxc4 {[%emt 0:04:50] [#]} (21... Kd8 $16) 22. Rh8+ $14 {[%emt 0:01:27]} (22. Rd1 $1 $18 Nxe3 23. Rh8+ Ke7 24. fxe3) 22... Kd7 {[%emt 0:00:22]} 23. Rd1+ {[%emt 0:00:43]} Kc7 {[%emt 0:00:31]} 24. Rd4 {[%emt 0:02:09]} Rxd4 {[%emt 0:01:40]} 25. Bxd4 {[%emt 0:01:11]} b6 {[%emt 0:00:19]} 26. Nd3 {[%emt 0:00:50]} Rb8 {[%emt 0:05:30]} 27. Ne5 {[%emt 0:02:02]} Be6 {[%emt 0:01:57]} 28. Rxb8 {[%emt 0:01:07]} Kxb8 {[%emt 0:00:02]} 29. Nxc6+ {[%emt 0:00:06]} Kc7 {[%emt 0:00:33]} 30. Nb4 {[%emt 0:00:35]} a5 {[%emt 0:00:20]} 31. Nd3 {[%emt 0:01:22]} Na3 {[%emt 0:01:12]} 32. Nc1 {[%emt 0:00:10]} Kc6 {[%emt 0:00:52]} 33. Kd2 {[%emt 0:00:10]} Nc4+ {[%emt 0:00:45]} 34. Kd3 {[%emt 0:00:39]} Kb5 {[%emt 0:00:07]} 35. Nb3 {[%emt 0:01:29]} Ka4 {[%emt 0:00:08]} 36. Nd2 {[%emt 0:00:50]} b5 {[%emt 0:00:35]} 37. e4 {[%emt 0:00:41]} Ka3 {[%emt 0:00:44]} 38. Nb3 {[%emt 0:00:40]} Kxa2 {[%emt 0:00:18]} 39. Nc5 {[%emt 0:00:02]} Kb2 {[%emt 0:00:43]} 40. f4 {[%emt 0:00:27]} a4 {[%emt 0:00:28]} 41. Nxe6 {[%emt 0:00:32]} a3 {[%emt 0:00:24]} 42. Nc7 {[%emt 0:00:27]} a2 {[%emt 0:00:18]} 43. Nxb5 {[%emt 0:00:02]} a1=Q {[%emt 0:00:10]} 44. Kxc4 {[%emt 0:00:18]} Qf1+ {[%emt 0:00:22]} 45. Kb4 {[%emt 0:01:11]} Qxf4 {[%emt 0:00:17]} 46. c4+ {[%emt 0:00:24]} Kc2 {[%emt 0:00:03]} 47. c5 {[%emt 0:01:01]} Qd2+ {[%emt 0:01:02]} 48. Kc4 {[%emt 0:00:12]} Qd3+ {[%emt 0:00:48]} 49. Kb4 {[%emt 0:00:01]} Qxe4 {[%emt 0:00:45]} 50. Ka5 {[%emt 0:00:19]} Qb7 {[%emt 0:00:45]} 51. Be5 {[%emt 0:00:48]} Kd3 {[%emt 0:00:57]} 52. Bc7 {[%emt 0:00:03]} Qd5 {[%emt 0:00:40]} 53. Bb6 {[%emt 0:00:43]} Qxg5 {[%emt 0:00:24]} 54. Ka6 {[%emt 0:00:28]} Qd5 {[%emt 0:00:36]} 55. Na7 {[%emt 0:00:02]} g5 {[%emt 0:00:43]} 56. c6 {[%emt 0:00:01]} f5 {[%emt 0:00:21]} 57. c7 {[%emt 0:00:01]} Qc4+ {[%emt 0:00:22]} 58. Kb7 {[%emt 0:00:16]} f4 {[%emt 0:00:40]} 59. Nc6 {[%emt 0:00:13]} Qe6 {[%emt 0:00:30]} 60. c8=Q {[%emt 0:01:41]} Qxc8+ {[%emt 0:00:02]} 61. Kxc8 {[%emt 0:00:05]} Ke4 {[%emt 0:00:10]} 62. Kd7 {[%emt 0:00:30]} f3 {[%emt 0:00:21]} 63. Ke6 {[%emt 0:00:12]} g4 {[%emt 0:00:21]} 64. Ne5 {[%emt 0:01:20]} g3 {[%emt 0:00:12]} 65. Nxf3 1/2-1/2

[Event "XVI Gran Hotel Bali 2017"]
[Site "Benidorm"]
[Date "2017.12.04"]
[Round "4"]
[White "Perez Perez, Gabriel"]
[Black "Lornye, Pylyp"]
[Result "0-1"]
[WhiteElo "2153"]
[BlackElo "2264"]
[Annotator "NA"]
[PlyCount "100"]
[EventDate "2017.??.??"]
[EventType "swiss"]
[EventCountry "ESP"]
[SourceTitle "playchess.com"]
[Source "ChessBase"]
[SourceQuality "1"]
[TimeControl "5400+30"]

1. e4 {[%emt 0:00:00]} d6 {[%emt 0:00:33]} 2. d4 {[%emt 0:00:11]} Nf6 {[%emt 0:00:06]} 3. Nc3 {[%emt 0:00:07]} g6 {[%emt 0:00:06]} 4. f4 {[%emt 0:00:02]} Bg7 {[%emt 0:00:10]} 5. Nf3 {[%emt 0:00:03]} O-O {[%emt 0:00:09]} 6. Bd3 {[%emt 0:00:02]} Nc6 {[%emt 0:01:03]} 7. e5 {[%emt 0:00:12]} dxe5 {[%emt 0:00:12]} 8. fxe5 {[%emt 0:00:12]} Ng4 {[%emt 0:01:42]} 9. Be4 {[%emt 0:00:05]} f6 {[%emt 0:00:12]} 10. h3 {[%emt 0:00:05]} Nh6 {[%emt 0:00:12] B09: Pirc-Ufimzew-Verteidigung (Dreibauernangriff)} 11. exf6 {[%emt 0:00:06]} exf6 {[%emt 0:00:06]} 12. O-O {[%emt 0:00:42]} Nf5 {[%emt 0:03:23]} 13. d5 $146 {[%emt 0:08:07]} ({Vorgänger:} 13. Ne2 Re8 14. Qd3 Kh8 15. c3 Bd7 16. d5 Nce7 17. Nfd4 c6 18. dxc6 bxc6 {0-1 (40) Diermair,A (2333)-Skoberne,J (2509) Austria 2010}) 13... Ne5 {[%emt 0:06:33]} 14. Re1 {[%emt 0:10:47]} Qd6 {[%emt 0:06:03]} 15. Bxf5 {[%emt 0:15:04]} Bxf5 {[%emt 0:12:33]} 16. Nd4 {[%emt 0:03:44]} Bd7 {[%emt 0:01:30]} 17. Kh1 {[%emt 0:00:40]} c6 {[%emt 0:05:18]} 18. dxc6 {[%emt 0:01:16]} Nxc6 {[%emt 0:05:17]} 19. Ncb5 {[%emt 0:06:31]} Qd5 {[%emt 0:04:30]} 20. Nxc6 {[%emt 0:02:42]} Qxc6 {[%emt 0:01:23]} 21. Nd4 {[%emt 0:00:45]} Qd5 {[%emt 0:00:22]} 22. Nb3 {[%emt 0:01:35]} Bc6 {[%emt 0:09:46]} 23. Qxd5+ {[%emt 0:01:43]} Bxd5 {[%emt 0:00:05]} 24. Be3 {[%emt 0:00:43]} f5 {[%emt 0:02:24]} 25. Bd4 {[%emt 0:01:11]} Bh6 {[%emt 0:01:21]} 26. Nc5 {[%emt 0:07:25]} Rf7 {[%emt 0:01:50]} 27. b3 {[%emt 0:05:41]} b6 {[%emt 0:04:39]} 28. Nd3 {[%emt 0:01:23]} Rd8 {[%emt 0:01:17]} 29. c3 {[%emt 0:04:22]} Be4 {[%emt 0:03:39]} 30. Nf2 {[%emt 0:00:37]} Bb7 {[%emt 0:01:33]} 31. Rad1 {[%emt 0:01:11]} Bg5 {[%emt 0:01:45]} 32. Kg1 {[%emt 0:00:30]} Bh4 {[%emt 0:05:36]} 33. Re6 {[%emt 0:08:08]} Bd5 {[%emt 0:03:32]} 34. Re2 {[%emt 0:00:01]} f4 $11 {[%emt 0:02:51]} 35. Red2 {[%emt 0:05:50]} f3 {[%emt 0:05:02]} 36. Bxb6 {[%emt 0:06:35]} axb6 {[%emt 0:00:05]} 37. Rxd5 {[%emt 0:00:05]} Re8 {[%emt 0:00:03]} 38. g3 {[%emt 0:06:59]} Bxg3 {[%emt 0:00:25]} 39. Rd8 {[%emt 0:02:46]} Rfe7 {[%emt 0:00:18]} 40. Ng4 {[%emt 0:00:54]} Rxd8 {[%emt 0:00:21]} 41. Rxd8+ {[%emt 0:00:01]} Kg7 {[%emt 0:00:08]} 42. Rd1 {[%emt 0:00:24]} h5 {[%emt 0:01:45]} 43. Nh2 {[%emt 0:00:34]} f2+ {[%emt 0:00:12]} 44. Kg2 {[%emt 0:00:18]} Bxh2 {[%emt 0:00:09]} 45. Kxf2 {[%emt 0:00:07]} Be5 {[%emt 0:00:13]} 46. Rd3 {[%emt 0:00:13]} Kf6 {[%emt 0:00:22]} 47. a4 {[%emt 0:00:18]} Kf5 {[%emt 0:00:15]} 48. c4 {[%emt 0:00:14]} Ke4 {[%emt 0:00:30]} 49. Rf3 {[%emt 0:00:34]} Kd4 {[%emt 0:00:44]} 50. Ke2 Bf4+ {[%emt 0:00:51]} 0-1

[Event "XVI Gran Hotel Bali 2017"]
[Site "Benidorm"]
[Date "2017.12.04"]
[Round "4"]
[White "Iolis, Oleg"]
[Black "Gonzalez Laso, Adrian"]
[Result "1-0"]
[WhiteElo "2119"]
[BlackElo "2244"]
[Annotator "NA"]
[PlyCount "73"]
[EventDate "2017.??.??"]
[EventType "swiss"]
[EventCountry "ESP"]
[SourceTitle "playchess.com"]
[Source "ChessBase"]
[SourceQuality "1"]
[TimeControl "5400+30"]

1. e4 {[%emt 0:00:00]} e6 {[%emt 0:05:08]} 2. d4 {[%emt 0:00:00]} d5 {[%emt 0:00:07]} 3. Nc3 {[%emt 0:00:00]} Bb4 {[%emt 0:00:08]} 4. e5 {[%emt 0:00:00]} c5 {[%emt 0:00:06]} 5. a3 {[%emt 0:00:00]} Bxc3+ {[%emt 0:00:06]} 6. bxc3 {[%emt 0:00:02]} Ne7 {[%emt 0:00:44]} 7. Qg4 {[%emt 0:00:12]} Qc7 {[%emt 0:00:29]} 8. Qxg7 {[%emt 0:00:08]} Rg8 {[%emt 0:00:09]} 9. Qxh7 {[%emt 0:00:05]} cxd4 {[%emt 0:00:05]} 10. Ne2 {[%emt 0:00:11]} Nbc6 {[%emt 0:00:32]} 11. f4 {[%emt 0:00:08]} Bd7 {[%emt 0:00:14]} 12. Qd3 {[%emt 0:01:56]} dxc3 {[%emt 0:00:07]} 13. Nxc3 {[%emt 0:00:20]} a6 {[%emt 0:00:08]} 14. h4 {[%emt 0:00:15]} Nf5 {[%emt 0:02:41]} 15. Rh3 {[%emt 0:00:08]} O-O-O {[%emt 0:02:03]} 16. Rb1 {[%emt 0:00:38]} Na5 {[%emt 0:03:38]} 17. h5 {[%emt 0:03:19]} Nc4 {[%emt 0:14:35]} 18. h6 {[%emt 0:01:10] C18: French: 3 Nc3 Bb4: Main line: 7 h4 and 7 Qg4} Rg6 {[%emt 0:02:27]} 19. h7 {[%emt 0:00:06]} Rh8 {[%emt 0:00:16]} 20. Ne4 {[%emt 0:01:36]} (20. Ne2 Bb5 21. Nd4 Nxe5 22. Qd1 Bxf1 23. Kxf1 Qc4+ 24. Ne2 Qe4 25. Rbb3 Qxg2+ {0-1 (78) Karjakin,S (2727)-Grischuk,A (2728) Moscow 2008}) 20... Bb5 $146 {[%emt 0:30:25]} ({Predecessor:} 20... dxe4 21. Qxc4 Qxc4 22. Bxc4 Rxg2 23. Bxa6 bxa6 24. Rc3+ Bc6 25. Rxc6+ Kd7 26. Rxa6 Rxh7 27. Ra7+ Kc8 28. Ra8+ Kc7 29. Ra7+ Kc8 30. Ra8+ {½-½ (30) Becerra Rivero,J (2602)-Bhat,V (2498) ICC INT 2008}) 21. Ng5 {[%emt 0:15:32]} Nxe5 {[%emt 0:22:03]} 22. Qc3 {[%emt 0:01:01]} Qxc3+ {[%emt 0:00:07]} 23. Rxc3+ {[%emt 0:00:04]} Nc4 {[%emt 0:00:24]} 24. Rh3 {[%emt 0:38:27]} Nfd6 {[%emt 0:11:43]} 25. Rbb3 {[%emt 0:02:55]} Kd7 {[%emt 0:02:00]} 26. Rbg3 {[%emt 0:01:21]} Rg7 {[%emt 0:01:39]} 27. Bd3 {[%emt 0:01:16]} f6 {[%emt 0:00:45]} 28. Nf3 $18 {[%emt 0:07:01]} Rxg3 {[%emt 0:00:33]} 29. Rxg3 {[%emt 0:00:06]} Ne4 {[%emt 0:00:04]} 30. Rg7+ {[%emt 0:00:55]} Kd6 {[%emt 0:00:41]} 31. g4 {[%emt 0:01:48]} Ba4 {[%emt 0:01:11]} 32. g5 {[%emt 0:00:40]} fxg5 {[%emt 0:00:05]} 33. Nxg5 {[%emt 0:00:41]} Nxg5 {[%emt 0:00:28]} 34. fxg5 {[%emt 0:00:07]} Ne5 {[%emt 0:00:23]} 35. g6 {[%emt 0:01:02]} Nxd3+ {[%emt 0:01:08]} 36. cxd3 {[%emt 0:00:04]} Rc8 {[%emt 0:00:05]} 37. Bd2 {[%emt 0:00:34]} 1-0

[Event "XVI Gran Hotel Bali 2017"]
[Site "Benidorm"]
[Date "2017.12.05"]
[Round "5"]
[White "Moreno Ibanez, Miguel"]
[Black "Iolis, Oleg"]
[Result "1-0"]
[WhiteElo "2272"]
[BlackElo "2119"]
[Annotator "TA"]
[PlyCount "79"]
[EventDate "2017.??.??"]
[EventType "swiss"]
[EventCountry "ESP"]
[SourceTitle "playchess.com"]
[Source "ChessBase"]
[SourceQuality "1"]

{[%evp 18,79,4,-2,6,27,16,19,35,3,0,-4,-2,0,33,0,34,32,45,13,55,56,77,82,111,72,109,82,83,75,63,66,126,90,90,89,90,90,90,77,97,87,95,90,97,99,200,200,226,207,202,206,288,279,787,746,2178,1683,2539,2448,29989,29990,29990,29991]} 1. e4 c5 2. Nf3 e6 3. b3 b6 4. Bb2 Bb7 5. d3 Nc6 6. g3 {B40: Sicilian: 2...e6, Unusual lines} Nf6 {[%cal Bg8f6,Bf6d7,Bd7e5,Be5f3][%mdl 32]} 7. Bg2 d6 8. O-O Be7 {[%cal Bf8e7,Be7f6,Bf6g7][%mdl 32]} 9. Nbd2 O-O 10. Re1 {LiveBook: 11 Games} Nd7 11. Nf1 $146 Bf6 12. c3 g6 13. Qd2 Nde5 14. Ne3 Nxf3+ 15. Bxf3 Bg7 16. d4 {[%cal Bd3d4,Bd4d5][%mdl 32]} Ne7 17. Bg2 Qc7 18. c4 Rad8 19. d5 Bxb2 20. Qxb2 e5 21. f4 f6 22. Bh3 Bc8 23. Be6+ Bxe6 24. dxe6 exf4 ({Better is} 24... Qc8 $14) 25. Nd5 Nxd5 26. exd5 Qe7 27. gxf4 f5 28. Re3 {[%cal Be1e3,Be3h3,Bh3g3][%mdl 32]} h6 29. Kh1 Kh7 30. Rg1 Rg8 31. Rh3 b5 (31... Rg7 $16) 32. cxb5 $18 Rdf8 33. Rhg3 Qb7 34. Qg2 {[%cal Rg3g6]} Rf6 35. a4 g5 $2 {[#]} (35... Qe7 36. Qb2 Rff8) 36. fxg5 Rxg5 37. Qf3 Rxg3 38. Rxg3 f4 39. Qe4+ Kh8 {[#]} 40. e7 $1 {[%mdl 512] Precision: White = 51%, Black = 24%.} 1-0